000 00555nam a2200229Ia 4500
003 OSt
005 20220918191417.0
006 a|||||r|||| 00| 0
007 ta
008 220917b |||||||| |||| 00| 0 eng d
024 _a63,219
037 _cTextual
040 _aARTS
_cARTS
_beng
041 _2eng
_aeng
082 _aR, 113H9.1-.2
100 _aGebser Jean
_976100
245 0 _aUrsprung und gegenwart
260 _c1949
650 _aPHILOSOPHY
942 _hR, 113H9.1-.2
_cTEXL
_2CC
999 _c189776
_d189776